Who becomes delinquent? Second report of the Cambridge Study in Delinquent Development
| 1. VerfasserIn: | |
|---|---|
| Beteiligte: | |
| Medienart: | Druck Buch |
| Sprache: | Englisch |
| Veröffentlicht: |
London
Heinemann
1973
|
| In: |
Cambridge studies in criminology (34)
Jahr: 1973 |
| Bestand in Tübingen: | In Tübingen vorhanden. IFK: S XVII 34 UB: KB 3 A 185 |
| Verfügbarkeit prüfen: | HBZ Gateway |
| Subito Bestelldienst: | Jetzt bestellen. |
| Schlagwörter: |
MARC
| LEADER | 00000cam a2200000 c 4500 | ||
|---|---|---|---|
| 001 | 223880868 | ||
| 003 | DE-627 | ||
| 005 | 20251222205634.0 | ||
| 007 | tu | ||
| 008 | 970214s1973 xxk||||| 00| ||eng c | ||
| 016 | 7 | |a 0435829378 |2 UK | |
| 020 | |a 0435829378 |9 0-435-82937-8 | ||
| 035 | |a (DE-627)223880868 | ||
| 035 | |a (DE-576)004326806 | ||
| 035 | |a (DE-599)GBV223880868 | ||
| 035 | |a (OCoLC)833216729 | ||
| 035 | |a (OCoLC)00815962 | ||
| 035 | |a (DE-604)8031188516 | ||
| 040 | |a DE-627 |b ger |c DE-627 |e rakwb | ||
| 041 | |a eng | ||
| 044 | |c XA-GB | ||
| 050 | 0 | |a HV9148.L/ | |
| 082 | 0 | |a 364.25 | |
| 082 | 0 | |a 364.2/5 | |
| 084 | |a MR 5700 |2 rvk |0 (DE-625)rvk/123522: | ||
| 100 | 1 | |a West, D. J. |d 1924- |0 (DE-588)172448514 |0 (DE-627)697388093 |0 (DE-576)163537399 |4 aut | |
| 109 | |a West, D. J. 1924- |a West, Donald J. 1924- |a West, Donald James 1924- |a West, Donald 1924- |a West, D.J. 1924- | ||
| 245 | 1 | 0 | |a Who becomes delinquent? Second report of the Cambridge Study in Delinquent Development |c By D. J. West in collab. with D. P. Farrington |
| 264 | 1 | |a London |b Heinemann |c 1973 | |
| 300 | |a XV, 265 S | ||
| 336 | |a Text |b txt |2 rdacontent | ||
| 337 | |a ohne Hilfsmittel zu benutzen |b n |2 rdamedia | ||
| 338 | |a Band |b nc |2 rdacarrier | ||
| 490 | 1 | |a Cambridge studies in criminology |v 34 | |
| 500 | |a Mit Bibliogr | ||
| 583 | 1 | |a Archivierung prüfen |c 20240324 |f DE-4165 |z 3 |2 pdager | |
| 650 | 4 | |a Juvenile Delinquency | |
| 650 | 4 | |a Criminal behavior, Prediction of | |
| 700 | 1 | |8 1\p |a Farrington, David |d 1944-2024 |0 (DE-588)1033146951 |0 (DE-627)740055585 |0 (DE-576)160911001 |4 oth | |
| 830 | 0 | |a Cambridge studies in criminology |v 34 |9 34 |w (DE-627)13001284X |w (DE-576)015557472 |w (DE-600)419149-3 |7 am | |
| 883 | |8 1\p |a cgwrk |d 20241001 |q DE-101 |u https://d-nb.info/provenance/plan#cgwrk | ||
| 935 | |i Blocktest | ||
| 936 | r | v | |a MR 5700 |b Theorien des abweichenden Verhaltens |k Soziologie |k Sozialwissenschaftliche Theorien und Methoden |k Jüngere soziologische Theorie |k Theorien des abweichenden Verhaltens |0 (DE-627)1271428180 |0 (DE-625)rvk/123522: |0 (DE-576)201428180 |
| 951 | |a BO | ||
| ELC | |b 1 | ||
| LOK | |0 000 xxxxxcx a22 zn 4500 | ||
| LOK | |0 001 3089229730 | ||
| LOK | |0 003 DE-627 | ||
| LOK | |0 004 223880868 | ||
| LOK | |0 005 20020606000000 | ||
| LOK | |0 008 910909||||||||||||||||ger||||||| | ||
| LOK | |0 040 |a DE-21 |c DE-627 |d DE-21 | ||
| LOK | |0 852 |a DE-21 | ||
| LOK | |0 852 1 |c KB 3 A 185 |9 00 | ||
| LOK | |0 935 |a krim | ||
| LOK | |0 936ln |a k8.3.3 | ||
| LOK | |0 939 |a 09-09-91 |b l01 | ||
| LOK | |0 000 xxxxxcx a22 zn 4500 | ||
| LOK | |0 001 3089229773 | ||
| LOK | |0 003 DE-627 | ||
| LOK | |0 004 223880868 | ||
| LOK | |0 005 20141117154857 | ||
| LOK | |0 008 940427||||||||||||||||ger||||||| | ||
| LOK | |0 040 |a DE-21-110 |c DE-627 |d DE-21-110 | ||
| LOK | |0 689 |a s |a Verlaufsstudien | ||
| LOK | |0 852 |a DE-21-110 | ||
| LOK | |0 852 1 |c S XVII 34 |m p |9 00 | ||
| LOK | |0 935 |a k110 | ||
| LOK | |0 936ln |a 8.8.3 | ||
| LOK | |0 938 |k p | ||
| LOK | |0 939 |a 27-04-94 |b l01 | ||
| ORI | |a SA-MARC-krimdoka001.raw | ||
| SIG | |a IFK: S XVII 34 | ||
| SIG | |a UB: KB 3 A 185 | ||
